000 00587nam a2200121Ia 4500
008 220620s9999||||xx |||||||||||||| ||und||
100 _aHitzler, Pascal||Seda, Anthony
245 0 _aMathematical Aspects of Logic Programming Semantics
546 _aEnglish[eng]
650 _aComputer Science (General)||Intelligent Systems||Machine Learning||SCI-TECH||COMPUTERSCIENCE||ITECH||INFORMATIONSCIENCE||STM||complete||fixed||ground||level||mappings||order||partial||point||predicate||symbol
856 _uhttps://library.oapen.org/bitstream/20.500.12657/41648/1/9781439829622.pdf
942 _cEB
999 _c28731
_d28731